|
|
|
|
| LEADER |
00699nam a22001931a 4500 |
| 020 |
|
|
|a 9788173736255
|c 0.00
|
| 040 |
|
|
|a SSUS - Library - Kalady
|
| 082 |
|
|
|a 809.892 069 4
|b GUL/V
|
| 100 |
|
|
|a Gulshan Das
|
| 245 |
|
|
|a Voice of the voiceless : conceptualizing the marginalized psyche
|h [Text]
|
| 260 |
|
|
|a New Delhi
|b Authors Press
|c 2012
|
| 300 |
|
|
|a 231p.
|
| 600 |
|
|
|a Dalit Literature
|
| 600 |
|
|
|a Literature
|
| 700 |
|
|
|a Ghanshyam G A
|
| 852 |
|
|
|h 809.892 069 4
|i GUL/V
|p 065780
|9 625.00
|t 0
|
| 942 |
|
|
|c BK
|
| 999 |
|
|
|c 50357
|d 50357
|
| 952 |
|
|
|0 0
|1 0
|4 0
|6 809_892000000000000_069_4_GUL_V
|7 0
|9 73302
|a SSUS
|b SSUS
|d 2015-01-08
|g 625.00
|l 7
|m 1
|o 809.892 069 4 GUL/V
|p 065780
|r 2019-09-02
|s 2019-08-26
|v 0.00
|w 2015-01-08
|y BK
|